Faktory ovplyvňujúce investovanie v poľnohospodárstve spracované z materiálov OECD

Popis a analýza faktorov, ktoré ovplyvňujú prilákanie súkromných investorov do poľnohospodárstva. Implementácia obchodných politík štátu ako nástroj na prilákanie potenciálnych investorov.

Gespeichert in:
Bibliographische Detailangaben
1. Verfasser: Masár, Ivan
Format: Buchkapitel
Sprache:Slowakisch
Schlagworte:
Tags: Tag hinzufügen
Keine Tags, Fügen Sie das erste Tag hinzu!

MARC

LEADER 00000nla a2200000 4500
001 0178024
005 20220718132728.0
041 0 |a slo 
044 |a SK 
245 1 0 |a Faktory ovplyvňujúce investovanie v poľnohospodárstve  |b spracované z materiálov OECD  |c Ivan Masár 
520 |a Popis a analýza faktorov, ktoré ovplyvňujú prilákanie súkromných investorov do poľnohospodárstva. Implementácia obchodných politík štátu ako nástroj na prilákanie potenciálnych investorov. 
610 2 0 |a poľnohospodárstvo 
610 2 0 |a investovanie 
610 2 0 |a investori 
610 2 0 |a vzdelanie 
610 2 0 |a dane 
610 2 0 |a politika environmentálna 
100 1 |a Masár, Ivan